[Event "4NCL-9899A NWE-IK"]
[Site "Rd7-Birmingham"]
[Date "1999.03.20"]
[Round "7.2"]
[White "Gormally, Danny"]
[Black "Lund, Brett"]
[Result "0-1"]
[WhiteElo "2465"]
[BlackElo "2295"]
[PlyCount "72"]
[EventDate "1999.03.20"]

1. e4 c5 2. Nf3 e6 3. d3 Nc6 4. g3 g6 5. Bg2 Bg7 6. O-O Nge7 7. Re1 e5 8. Be3
d6 9. c3 O-O 10. d4 exd4 11. cxd4 d5 12. Nc3 dxe4 13. Nxe4 cxd4 14. Bg5 h6 15.
Bf4 Nd5 16. Bd6 Re8 17. Bc5 Nc7 18. Qd2 b6 19. Ba3 Nb5 20. Qd3 Nxa3 21. Qxa3
Be6 22. Rad1 Bd5 23. Nfd2 Re6 24. Bh3 f5 25. f3 fxe4 26. Bxe6+ Bxe6 27. Nxe4
Qf8 28. Qxf8+ Rxf8 29. b3 Ne5 30. Nd2 Bd5 31. f4 Nc6 32. Ne4 Rd8 33. Nf2 Nb4
34. Re7 Bf3 35. Rde1 d3 36. R1e6 Kf8 0-1

[Event "4NCL-9899A NWE-IK"]
[Site "Rd7-Birmingham"]
[Date "1999.03.20"]
[Round "7.3"]
[White "Kennaugh, Charles"]
[Black "McDonald, Neil"]
[Result "0-1"]
[WhiteElo "2283"]
[BlackElo "2454"]
[PlyCount "50"]
[EventDate "1999.03.20"]

1. e4 g6 2. d4 Bg7 3. Nc3 c6 4. Bc4 d6 5. Qf3 Nf6 6. h3 O-O 7. Bb3 Nbd7 8. Nge2
b5 9. g4 a5 10. a4 b4 11. Nd1 Ba6 12. Ne3 c5 13. g5 Nh5 14. Nf5 Bxe2 15. Qxe2
cxd4 16. Nxg7 Kxg7 17. Qd3 e5 18. Bd5 Rc8 19. f4 f5 20. gxf6+ Qxf6 21. f5 Qh4+
22. Kd1 Nc5 23. Qf3 Ng3 24. Rg1 Ncxe4 25. Be6 Rce8 0-1

[Event "4NCL-9899A NWE-IK"]
[Site "Rd7-Birmingham"]
[Date "1999.03.20"]
[Round "7.4"]
[White "Dickenson, Neil"]
[Black "Littlewood, John"]
[Result "1-0"]
[WhiteElo "2315"]
[BlackElo "2295"]
[PlyCount "59"]
[EventDate "1999.03.20"]

1. d4 Nf6 2. Nf3 d5 3. g3 c5 4. Bg2 cxd4 5. O-O e6 6. Nxd4 Be7 7. c4 O-O 8.
cxd5 Nxd5 9. Qb3 Na6 10. Rd1 Nc5 11. Qf3 Bf6 12. e4 Nb4 13. Nxe6 Bxe6 14. Rxd8
Rfxd8 15. Qe2 Rac8 16. Nc3 b5 17. Nd5 Nxd5 18. exd5 Bxd5 19. Bxd5 Rxd5 20. Be3
Nd3 21. Rb1 a6 22. Bb6 h5 23. Rd1 Nc1 24. Qf1 Rxd1 25. Qxd1 g6 26. Qd7 Rc2 27.
b4 Bg7 28. Qe8+ Kh7 29. Qxf7 Nd3 30. Bd4 1-0

[Event "4NCL-9899A NWE-IK"]
[Site "Rd7-Birmingham"]
[Date "1999.03.20"]
[Round "7.5"]
[White "James, Dale"]
[Black "Chandler, Cliff"]
[Result "0-1"]
[WhiteElo "2225"]
[BlackElo "2260"]
[PlyCount "84"]
[EventDate "1999.03.20"]

1. e4 e5 2. Nf3 f5 3. d3 Nc6 4. Bg5 Be7 5. h4 d6 6. Nc3 Nf6 7. Qd2 h6 8. Bxf6
Bxf6 9. Nd5 Be6 10. Ne3 f4 11. Nd5 Bxd5 12. exd5 Ne7 13. c4 c6 14. dxc6 bxc6
15. g4 fxg3 16. fxg3 Rb8 17. Rb1 Nf5 18. Qf2 Qa5+ 19. Nd2 Nd4 20. Bg2 O-O 21.
O-O Bxh4 22. Nf3 Bxg3 23. Qe3 Nf5 24. Qe4 Qb6+ 25. d4 exd4 26. Qe6+ Kh8 27. Ng5
d3+ 28. Kh1 Bf4 29. Rxf4 Ng3+ 30. Kh2 Rxf4 31. Nf7+ Rxf7 32. Qxf7 Qe3 33. Qg6
Ne2 34. Qxd6 Re8 35. Rf1 d2 36. Rf8+ Rxf8 37. Qxf8+ Kh7 38. Qf5+ Kg8 39. Qc8+
Kf7 40. Qd7+ Qe7 41. Qf5+ Kg8 42. Qc8+ Kh7 0-1

[Event "4NCL-9899A NWE-IK"]
[Site "Rd7-Birmingham"]
[Date "1999.03.20"]
[Round "7.6"]
[White "Alfred, Nathan"]
[Black "Smith, Alan A"]
[Result "0-1"]
[WhiteElo "2215"]
[BlackElo "2240"]
[PlyCount "80"]
[EventDate "1999.03.20"]

1. e4 c5 2. Nf3 e6 3. d4 cxd4 4. Nxd4 a6 5. Bd3 Bc5 6. Nb3 Be7 7. c4 d6 8. O-O
Nf6 9. Nc3 Nbd7 10. Re1 b6 11. a4 O-O 12. a5 Nc5 13. Nxc5 bxc5 14. f4 Rb8 15.
Qf3 g6 16. Ra3 Nd7 17. b3 Bf6 18. Bc2 Bd4+ 19. Kh1 Bb7 20. Qh3 Bc6 21. Ne2 Bg7
22. Ng1 Nf6 23. Nf3 h5 24. Qg3 Re8 25. e5 Ng4 26. exd6 Qxd6 27. h3 Bxf3 28.
Qxf3 Nh6 29. Rd1 Qe7 30. Be3 Red8 31. Rxd8+ Rxd8 32. Ra2 Qd6 33. Qe2 Bd4 34.
Be4 Bxe3 35. Qxe3 Qd1+ 36. Kh2 Rd4 37. Bf3 Qb1 38. Rf2 Nf5 39. Qe5 h4 40. Be2
Ng3 0-1

[Event "4NCL-9899A NWE-IK"]
[Site "Rd7-Birmingham"]
[Date "1999.03.20"]
[Round "7.7"]
[White "Tebb, David"]
[Black "Farndon, David"]
[Result "1-0"]
[WhiteElo "2256"]
[BlackElo "2263"]
[PlyCount "120"]
[EventDate "1999.03.20"]

1. e4 c5 2. Nf3 Nc6 3. d4 cxd4 4. Nxd4 g6 5. c4 Nf6 6. Nc3 d6 7. Be2 Bg7 8. Be3
O-O 9. O-O Bd7 10. Rc1 Nxd4 11. Bxd4 Bc6 12. f3 a5 13. b3 Nd7 14. Be3 Nc5 15.
Qd2 Qb6 16. Rb1 Rfc8 17. Rfc1 Qd8 18. Bd1 h5 19. a3 Kh7 20. b4 axb4 21. axb4
Ne6 22. Rb3 Qf8 23. Nd5 Bxd5 24. exd5 Nc7 25. f4 Ra1 26. Rxa1 Bxa1 27. Bf2 Bg7
28. Rh3 Kg8 29. f5 Ne8 30. Qd3 Nf6 31. fxg6 fxg6 32. Rg3 Nd7 33. Qxg6 Qf6 34.
Qxh5 Rxc4 35. Rf3 Rf4 36. Rxf4 Qxf4 37. Qg4 Qxg4 38. Bxg4 Ne5 39. Bc8 Nd3 40.
Bb6 Nxb4 41. Bxb7 Kf7 42. Kf2 Nd3+ 43. Ke2 Nf4+ 44. Kf3 Be5 45. g3 Nh5 46. Bc8
Ng7 47. Be3 e6 48. dxe6+ Nxe6 49. h4 Nd4+ 50. Kg2 Ne2 51. g4 d5 52. Ba6 Nc3 53.
Kf3 Ne4 54. Bd3 Nd6 55. g5 Kg7 56. h5 Ne4 57. Bxe4 dxe4+ 58. Kxe4 Bd6 59. Kf5
Be7 60. h6+ Kg8 1-0

[Event "4NCL-9899A NWE-IK"]
[Site "Rd7-Birmingham"]
[Date "1999.03.20"]
[Round "7.8"]
[White "Richards, Heather"]
[Black "Ford, Elise"]
[Result "1-0"]
[WhiteElo "2085"]
[BlackElo "1840"]
[PlyCount "71"]
[EventDate "1999.03.20"]

1. e4 e5 2. Nc3 Nf6 3. Bc4 Nc6 4. d3 Bb4 5. Nge2 d5 6. exd5 Nxd5 7. O-O Nxc3 8.
bxc3 Bc5 9. d4 Bd6 10. a4 O-O 11. a5 a6 12. Ng3 Qf6 13. Ne4 Qg6 14. Nxd6 cxd6
15. Re1 Bf5 16. Bb3 Kh8 17. Re3 Bg4 18. Qd2 f5 19. f4 Qf6 20. Bb2 Rad8 21. Bd5
g5 22. dxe5 dxe5 23. fxe5 Nxe5 24. Qd4 Nd7 25. c4 Qxd4 26. Bxd4+ Nf6 27. Re6
Kg7 28. Rae1 f4 29. Rb6 Bc8 30. c3 Kg6 31. Bc5 Rde8 32. Re7 Kf5 33. Bxb7 Nd7
34. Be4+ Kg4 35. h3+ Kh5 36. Rxh7# 1-0

[Event "4NCL-9899A SL-BA2"]
[Site "Rd7-Birmingham"]
[Date "1999.03.20"]
[Round "7.1"]
[White "Hebden, Mark"]
[Black "Plaskett, James"]
[Result "0-1"]
[WhiteElo "2556"]
[BlackElo "2492"]
[PlyCount "100"]
[EventDate "1999.03.20"]

1. d4 Nf6 2. Nf3 c5 3. d5 e6 4. Nc3 exd5 5. Nxd5 Nxd5 6. Qxd5 d6 7. e4 Nc6 8.
Ng5 Qe7 9. Bc4 f6 10. Qf7+ Kd7 11. Be6+ Kc7 12. Bxc8 fxg5 13. Qxe7+ Bxe7 14.
Be6 Nd4 15. Bb3 Bf6 16. Kd1 Nxb3 17. axb3 Rhe8 18. Re1 a6 19. f3 Re6 20. c3
Rae8 21. Bd2 g4 22. Kc2 Kc6 23. c4 Be5 24. f4 Bd4 25. Kd3 Bxb2 26. Ra5 Rh6 27.
Rh1 Rhe6 28. Re1 Rh6 29. Rh1 Bf6 30. b4 Bd8 31. b5+ Kd7 32. Ra4 axb5 33. cxb5
Bb6 34. Bc3 Re7 35. g3 Rh5 36. Rc4 d5 37. exd5 Rxd5+ 38. Kc2 Re2+ 39. Kc1 g6
40. h3 gxh3 41. Rxh3 h5 42. g4 hxg4 43. Rg3 Rh5 44. Kd1 Ra2 45. Re4 Rh3 46.
Ree3 Rxg3 47. Rxg3 Ra3 48. Kc2 Ba5 49. Rd3+ Ke6 50. Re3+ Kf7 0-1

[Event "4NCL-9899A SL-BA2"]
[Site "Rd7-Birmingham"]
[Date "1999.03.20"]
[Round "7.2"]
[White "Palliser, Richard"]
[Black "Lalic, Bogdan"]
[Result "0-1"]
[WhiteElo "2245"]
[BlackElo "2549"]
[PlyCount "94"]
[EventDate "1999.03.20"]

1. d4 Nf6 2. c4 e6 3. Nc3 Bb4 4. Qc2 O-O 5. e4 d5 6. e5 Ne4 7. Bd3 c5 8. cxd5
exd5 9. Nge2 Nc6 10. O-O Bf5 11. f3 c4 12. fxe4 cxd3 13. Qxd3 dxe4 14. Nxe4
Nxe5 15. Nf6+ Qxf6 16. Qxf5 Qxf5 17. Rxf5 Nd3 18. Nf4 Nxc1 19. Rxc1 Bd2 20. Rd1
g6 21. Rf6 Kg7 22. Nd5 Ba5 23. Rd6 Rfd8 24. Rxd8 Rxd8 25. Nc3 Bb6 26. Ne2 Rc8
27. Kf1 Rc2 28. Rb1 Rd2 29. Ke1 Rd3 30. Rc1 Bxd4 31. Nxd4 Rxd4 32. Rc7 Rb4 33.
b3 Kf6 34. Kf2 Ke6 35. Kf3 a5 36. Rc5 b6 37. Rc6+ Ke5 38. Rc7 Rf4+ 39. Ke3 Rf6
40. Rc1 Kd6 41. Ke2 Kd7 42. Rc4 Rc6 43. Rd4+ Ke6 44. Rd2 f5 45. a4 Ke5 46. Rb2
Kd4 47. Kd2 Rc3 0-1

[Event "4NCL-9899A SL-BA2"]
[Site "Rd7-Birmingham"]
[Date "1999.03.20"]
[Round "7.5"]
[White "Spraggett, Kevin"]
[Black "Sands, David"]
[Result "1-0"]
[WhiteElo "2523"]
[BlackElo "2251"]
[PlyCount "151"]
[EventDate "1999.03.20"]

1. e4 c5 2. Nf3 Nc6 3. Bb5 g6 4. Bxc6 dxc6 5. d3 Bg7 6. h3 e5 7. O-O Qe7 8. a3
Nf6 9. b4 O-O 10. Nbd2 Re8 11. bxc5 Qxc5 12. a4 Be6 13. Bb2 Nd7 14. c3 Qa5 15.
Qc2 Rad8 16. Rfd1 f6 17. d4 Kh8 18. Ba3 Qc7 19. a5 Bg8 20. Rdb1 Nf8 21. Bc5 Qb8
22. dxe5 fxe5 23. Be3 Ne6 24. Nb3 Rd7 25. Ng5 Nxg5 26. Bxg5 b6 27. Nc5 Rf7 28.
axb6 axb6 29. Ra6 Qd6 30. Na4 b5 31. Rxb5 Rxf2 32. Qxf2 Qd1+ 33. Kh2 cxb5 34.
Ra7 Qd6 35. Nc5 Rc8 36. Be7 Qc6 37. Ra6 Qe8 38. Ra7 Qf7 39. Qxf7 Bxf7 40. Rb7
Bc4 41. Nd7 Rc6 42. Rb8+ Bg8 43. Bb4 h5 44. Rxb5 Bc4 45. Ra5 Re6 46. Bf8 Bxf8
47. Nxf8 Rd6 48. Ra7 Kg8 49. Nd7 Rd2 50. Nf6+ Kf8 51. Nh7+ Kg8 52. h4 Rc2 53.
Nf6+ Kf8 54. Nh7+ Kg8 55. Re7 Bd3 56. Nf6+ Kf8 57. Rc7 Re2 58. Nh7+ Kg8 59.
Nf6+ Kf8 60. Nd7+ Kg8 61. Nxe5 Bxe4 62. Kg3 Rxg2+ 63. Kf4 Bc2 64. c4 Rf2+ 65.
Kg3 Re2 66. Re7 Bb3 67. c5 Rc2 68. c6 Bd5 69. c7 Bb7 70. Kf4 Rf2+ 71. Kg5 Rg2+
72. Kf6 Rf2+ 73. Kxg6 Rg2+ 74. Kxh5 Kf8 75. Rd7 Rg8 76. Ng6+ 1-0

[Event "4NCL-9899A SL-BA2"]
[Site "Rd7-Birmingham"]
[Date "1999.03.20"]
[Round "7.6"]
[White "Duncan, Chris"]
[Black "Kosten, Anthony"]
[Result "0-1"]
[WhiteElo "2265"]
[BlackElo "2502"]
[PlyCount "46"]
[EventDate "1999.03.20"]

1. c4 e5 2. Nc3 Nf6 3. Nf3 Nc6 4. g3 Bc5 5. Bg2 O-O 6. O-O d6 7. d3 h6 8. a3 a6
9. h3 Be6 10. Kh2 d5 11. cxd5 Nxd5 12. Ne4 Bb6 13. b4 a5 14. Bb2 axb4 15. axb4
Ndxb4 16. Nxe5 f5 17. Nd2 f4 18. Nxc6 Nxc6 19. Bxc6 bxc6 20. Rxa8 Qxa8 21. Qa1
Qe8 22. Bxg7 fxg3+ 23. Kxg3 Qh5 0-1

[Event "4NCL-9899A SL-BA2"]
[Site "Rd7-Birmingham"]
[Date "1999.03.20"]
[Round "7.7"]
[White "McNab, Colin"]
[Black "Flower, David"]
[Result "1-0"]
[WhiteElo "2428"]
[BlackElo "2050"]
[PlyCount "59"]
[EventDate "1999.03.20"]

1. c4 e5 2. Nc3 d6 3. g3 f5 4. d4 exd4 5. Qxd4 Nf6 6. Bg2 Nc6 7. Qd2 Ne5 8. b3
c6 9. Bb2 Be7 10. Nh3 Nf7 11. Rd1 O-O 12. O-O Re8 13. Qc2 Bf8 14. Nf4 Qe7 15.
e3 Bd7 16. Rfe1 Ne4 17. f3 Nxc3 18. Qxc3 Ne5 19. e4 Qf7 20. c5 fxe4 21. Rxe4
Ng6 22. Nxg6 Qxg6 23. cxd6 Red8 24. Bf1 Bf5 25. Rf4 Rd7 26. Qe5 Be6 27. Bd3
Bxd6 28. Qe2 Qe8 29. Re4 Re7 30. Rxe6 1-0

[Event "4NCL-9899A SL-BA2"]
[Site "Rd7-Birmingham"]
[Date "1999.03.20"]
[Round "7.8"]
[White "Walker, Ellen"]
[Black "Lalic, Susan"]
[Result "0-1"]
[WhiteElo "1696"]
[BlackElo "2335"]
[PlyCount "94"]
[EventDate "1999.03.20"]

1. e4 c6 2. d4 d5 3. Nc3 g6 4. Nf3 Bg7 5. Be3 Bg4 6. Be2 dxe4 7. Nxe4 Nd7 8. c3
Ngf6 9. Ned2 Nd5 10. Bg5 h6 11. Bh4 Nf4 12. O-O O-O 13. Bg3 Nxe2+ 14. Qxe2 Re8
15. Qd3 c5 16. dxc5 Nxc5 17. Qc4 Qc8 18. Ne5 Be6 19. Qe2 Kh7 20. Rad1 f6 21.
Nd3 Nxd3 22. Qxd3 Qc6 23. Qc2 Bf5 24. Qc1 e5 25. Rfe1 Rad8 26. b3 b5 27. Qb2
Rd3 28. Nb1 Red8 29. Rd2 Bc8 30. Red1 e4 31. Bf4 f5 32. Qa3 Bb7 33. f3 Rxd2 34.
Rxd2 Rxd2 35. Nxd2 Qxc3 36. Qe7 Qd4+ 37. Kf1 exf3 38. Qxb7 fxg2+ 39. Kxg2 Qxf4
40. Nf3 Qe4 41. Qxa7 g5 42. Kf2 b4 43. h3 Kg6 44. Qb6+ Bf6 45. Qb8 Bd4+ 46. Kg3
f4+ 47. Kg2 Qe2+ 0-1

[Event "4NCL-9899A WES-BA1"]
[Site "Rd7-Birmingham"]
[Date "1999.03.20"]
[Round "7.1"]
[White "Webb, Richard"]
[Black "Kopec, Danny"]
[Result "1/2-1/2"]
[WhiteElo "2311"]
[BlackElo "2392"]
[PlyCount "34"]
[EventDate "1999.03.20"]

1. e4 e6 2. d3 d5 3. Nd2 Nc6 4. Ngf3 Nf6 5. Be2 Bc5 6. O-O O-O 7. c3 dxe4 8.
dxe4 e5 9. b4 Bd6 10. Qc2 b6 11. Nc4 Bb7 12. Bg5 h6 13. Bh4 {(Draw offer)} Nb8
14. Nfxe5 Re8 15. Nxd6 Qxd6 16. Bxf6 Qxf6 17. f4 Nc6 1/2-1/2

[Event "4NCL-9899A WES-BA1"]
[Site "Rd7-Birmingham"]
[Date "1999.03.20"]
[Round "7.2"]
[White "Pert, Nicholas"]
[Black "Rossiter, Philip"]
[Result "1/2-1/2"]
[WhiteElo "2443"]
[BlackElo "2368"]
[PlyCount "73"]
[EventDate "1999.03.20"]

1. d4 f5 2. Bg5 g6 3. Nd2 Bg7 4. e3 d6 5. Bc4 Nc6 6. c3 h6 7. Bh4 Nf6 8. Bxf6
Bxf6 9. e4 e6 10. exf5 exf5 11. Qf3 Ne7 12. h4 d5 13. Bd3 Qd6 14. O-O-O Bd7 15.
Qe3 O-O-O 16. f4 g5 17. hxg5 hxg5 18. Rxh8 Rxh8 19. fxg5 f4 20. Qf2 Bxg5 21.
Ngf3 Qf6 22. Rf1 Bf5 23. Bxf5+ Nxf5 24. Nxg5 Qxg5 25. Qxf4 Qxf4 26. Rxf4 Ne3
27. Nb3 Nxg2 28. Rf3 b6 29. Kd2 Nh4 30. Rf2 Rg8 31. Nc1 Rg2 32. Rxg2 Nxg2 33.
Nd3 Kd7 34. Ke2 Nh4 35. Ke3 Ng6 36. Kf3 Kd6 37. Kg4 1/2-1/2

[Event "4NCL-9899A WES-BA1"]
[Site "Rd7-Birmingham"]
[Date "1999.03.20"]
[Round "7.3"]
[White "Yeo, Michael"]
[Black "Knott, Simon"]
[Result "1/2-1/2"]
[WhiteElo "2211"]
[BlackElo "2367"]
[PlyCount "61"]
[EventDate "1999.03.20"]

1. e4 e6 2. d4 d5 3. Nc3 Bb4 4. a3 Bxc3+ 5. bxc3 dxe4 6. Qg4 Nf6 7. Qxg7 Rg8 8.
Qh6 Nbd7 9. Nh3 b6 10. Ng5 Rg6 11. Qh4 Bb7 12. Nxh7 Nxh7 13. Qxh7 Qf6 14. Qh3
O-O-O 15. Qe3 Qg7 16. Bb2 Nf6 17. O-O-O Ng4 18. Qe1 Qh6+ 19. Kb1 Qf4 20. Rd2
Nxh2 21. Bc1 Rdg8 22. Rd3 Qd6 23. Rg3 Rxg3 24. fxg3 Ng4 25. Rh7 Qe7 26. Kb2 Nf6
27. Rh4 a6 28. Bc4 b5 29. Bb3 Ne8 30. Rxe4 Bxe4 31. Qxe4 1/2-1/2

[Event "4NCL-9899A WES-BA1"]
[Site "Rd7-Birmingham"]
[Date "1999.03.20"]
[Round "7.5"]
[White "Corkett, Anthony"]
[Black "Hansen, Carsten"]
[Result "1/2-1/2"]
[WhiteElo "2255"]
[BlackElo "2310"]
[PlyCount "62"]
[EventDate "1999.03.20"]

1. e4 c5 2. Nf3 Nc6 3. Bb5 g6 4. O-O Bg7 5. c3 Nf6 6. Re1 O-O 7. h3 d5 8. e5
Ne8 9. d4 cxd4 10. cxd4 Bd7 11. Nc3 Nc7 12. Bd3 a5 13. a3 Rb8 14. Bf4 b5 15.
Bg3 Rb7 16. Rc1 Qe8 17. e6 Nxe6 18. Nxd5 Qd8 19. Be4 Ra7 20. Bh4 Be8 21. Rxc6
Bxc6 22. Nxe7+ Rxe7 23. Bxe7 Qxe7 24. Bxc6 Qd6 25. d5 Nc7 26. Qd2 b4 27. axb4
axb4 28. Re4 Rb8 29. b3 Bc3 30. Qd3 Rd8 31. Re3 Kg7 1/2-1/2

[Event "4NCL-9899A WES-BA1"]
[Site "Rd7-Birmingham"]
[Date "1999.03.20"]
[Round "7.6"]
[White "Rogers, Jonathan"]
[Black "Neil, David"]
[Result "1/2-1/2"]
[WhiteElo "2358"]
[BlackElo "2260"]
[PlyCount "73"]
[EventDate "1999.03.20"]

1. e4 e5 2. Nf3 Nc6 3. Bc4 Bc5 4. d3 Nf6 5. Nc3 d6 6. Bg5 Be6 7. Nd5 Bxd5 8.
Bxd5 h6 9. Bxc6+ bxc6 10. Be3 Bb6 11. O-O O-O 12. c4 Re8 13. Rc1 Bxe3 14. fxe3
Rb8 15. Qc2 c5 16. Qe2 Nh7 17. Rc2 Re6 18. Qe1 Rf6 19. Qa5 Rb7 20. Rcf2 Qb8 21.
b3 c6 22. d4 cxd4 23. exd4 Ng5 24. Nxg5 Rxf2 25. Rxf2 hxg5 26. dxe5 dxe5 27.
Rd2 Qc7 28. Rd8+ Kh7 29. Qd2 Qe7 30. Rd6 Rc7 31. c5 g6 32. h3 Kg7 33. b4 g4 34.
hxg4 Qh4 35. Rd8 Qxg4 36. Qd6 Qxe4 37. Qxc7 1/2-1/2

[Event "4NCL-9899A WES-BA1"]
[Site "Rd7-Birmingham"]
[Date "1999.03.20"]
[Round "7.7"]
[White "Brameld, Arthur"]
[Black "D'Costa, Lorin"]
[Result "0-1"]
[WhiteElo "2115"]
[BlackElo "1976"]
[PlyCount "86"]
[EventDate "1999.03.20"]

1. Nc3 c5 2. Nf3 d6 3. d4 cxd4 4. Nxd4 g6 5. g3 Nc6 6. Bg2 Bd7 7. O-O Bg7 8.
Be3 Nf6 9. h3 O-O 10. f4 Qc8 11. Kh2 Na5 12. Qd3 Rb8 13. Bg1 Rd8 14. b3 e5 15.
Ndb5 Bxb5 16. Nxb5 exf4 17. gxf4 a6 18. Bb6 axb5 19. Bxa5 b6 20. Bb4 Nd7 21.
Rad1 Nc5 22. Qxb5 Qf5 23. e4 Qe6 24. Qc6 Rbc8 25. Qd5 Qxd5 26. Rxd5 Na6 27.
Bxd6 Rxc2 28. a4 Rdc8 29. Kg3 Rb2 30. Rf3 Rcc2 31. Bf1 Nc5 32. Bxc5 bxc5 33. a5
Ra2 34. a6 Bd4 35. f5 g5 36. Kg4 h6 37. Bc4 Rg2+ 38. Kh5 g4 39. Rf4 gxh3 40.
Rd8+ Kh7 41. Rd7 h2 42. Rxf7+ Bg7 43. Rf1 Rg1 0-1

[Event "4NCL-9899A WES-BA1"]
[Site "Rd7-Birmingham"]
[Date "1999.03.20"]
[Round "7.8"]
[White "Kieran, Rosalind"]
[Black "Howard, Emily"]
[Result "1/2-1/2"]
[WhiteElo "2053"]
[BlackElo "2047"]
[PlyCount "60"]
[EventDate "1999.03.20"]

1. e4 c6 2. d4 d5 3. Nc3 dxe4 4. Nxe4 Bf5 5. Ng3 Bg6 6. Nf3 h6 7. h4 Nd7 8. h5
Bh7 9. Bd3 Bxd3 10. Qxd3 Qc7 11. Bd2 e6 12. O-O-O Ngf6 13. Ne4 O-O-O 14. Nxf6
Nxf6 15. Qe2 Bd6 16. Ne5 c5 17. Nf3 Nd5 18. g3 Rhe8 19. dxc5 Bxc5 20. Rh4 Kb8
21. Ne5 Rc8 22. c4 f6 23. Nd3 Bd6 24. Kb1 Nb6 25. Rc1 Nd7 26. Nf4 Ne5 27. Nd3
Nxd3 28. Qxd3 Bc5 29. Be3 Rcd8 30. Qb3 e5 1/2-1/2

[Event "4NCL-9899A WG-RIC"]
[Site "Rd7-Birmingham"]
[Date "1999.03.20"]
[Round "7.1"]
[White "Emms, John"]
[Black "Williams, Simon"]
[Result "1/2-1/2"]
[WhiteElo "2573"]
[BlackElo "2371"]
[PlyCount "58"]
[EventDate "1999.03.20"]

1. e4 e6 2. d4 d5 3. Nd2 Nf6 4. Bd3 c5 5. e5 Nfd7 6. c3 Nc6 7. Ne2 cxd4 8. cxd4
f6 9. exf6 Nxf6 10. Nf3 Bd6 11. O-O Qc7 12. Bg5 O-O 13. Bh4 Nh5 14. Qc2 h6 15.
Bh7+ Kh8 16. Bg6 Rxf3 17. gxf3 Bxh2+ 18. Kh1 Nf4 19. Ng3 Qd6 20. Rad1 e5 21.
Bf5 Bxf5 22. Qxf5 Rf8 23. Qg4 Bxg3 24. fxg3 Ne6 25. dxe5 Nxe5 26. Qh5 d4 27.
Be7 Qxe7 28. Qxe5 Qd7 29. g4 d3 1/2-1/2

[Event "4NCL-9899A WG-RIC"]
[Site "Rd7-Birmingham"]
[Date "1999.03.20"]
[Round "7.2"]
[White "Bates, Richard"]
[Black "Baburin, Alexander"]
[Result "0-1"]
[WhiteElo "2373"]
[BlackElo "2586"]
[PlyCount "70"]
[EventDate "1999.03.20"]

1. d4 d5 2. Nf3 Nf6 3. g3 g6 4. Bg2 Bg7 5. c4 O-O 6. O-O dxc4 7. Na3 Nc6 8.
Nxc4 Be6 9. b3 Bd5 10. Bb2 a5 11. Nfe5 Bxg2 12. Kxg2 Nxe5 13. dxe5 Nd5 14. e4
Nb4 15. Qg4 Qc8 16. Qxc8 Rfxc8 17. Rfd1 b5 18. Ne3 Rd8 19. Rxd8+ Rxd8 20. a3
Nc6 21. Rc1 Rd2 22. Bc3 Ra2 23. Be1 Nxe5 24. Bxa5 Rxf2+ 25. Kxf2 Nd3+ 26. Kg2
Nxc1 27. Bxc7 Nxb3 28. Nd5 e6 29. Ne7+ Kf8 30. Nc8 Nd2 31. Na7 Nxe4 32. Nxb5
Ke7 33. a4 Kd7 34. a5 Nc3 35. Nxc3 Bxc3 0-1

[Event "4NCL-9899A WG-RIC"]
[Site "Rd7-Birmingham"]
[Date "1999.03.20"]
[Round "7.3"]
[White "Levitt, Jon"]
[Black "Wall, Gavin"]
[Result "1-0"]
[WhiteElo "2427"]
[BlackElo "2369"]
[PlyCount "81"]
[EventDate "1999.03.20"]

1. d4 f5 2. Nc3 d5 3. Bf4 Nf6 4. e3 c6 5. Bd3 e6 6. Nf3 Be7 7. Ne2 O-O 8. c4
Ne4 9. Ne5 Nd7 10. Qc2 Bf6 11. Nxd7 Bxd7 12. O-O Rc8 13. c5 Be8 14. f3 Ng5 15.
Bxg5 Bxg5 16. f4 Bf6 17. g4 Bg6 18. Ng3 Qe8 19. g5 Bd8 20. Qe2 h6 21. h4 hxg5
22. hxg5 Kf7 23. Kg2 Bc7 24. b4 Rh8 25. Rh1 Rxh1 26. Rxh1 b6 27. Qc2 Qd7 28.
Qa4 bxc5 29. bxc5 Bd8 30. Rb1 Rc7 31. Qb4 Ke7 32. a4 Rc8 33. a5 Bc7 34. a6 Bd8
35. Qa4 Rc7 36. Rb8 Kf7 37. Qb4 Ke7 38. Bc2 Qe8 39. Ra8 Qd7 40. Qb8 Be8 41. Bd1
1-0

[Event "4NCL-9899A WG-RIC"]
[Site "Rd7-Birmingham"]
[Date "1999.03.20"]
[Round "7.4"]
[White "Quinn, Mark"]
[Black "Ward, Chris"]
[Result "1/2-1/2"]
[WhiteElo "2346"]
[BlackElo "2482"]
[PlyCount "37"]
[EventDate "1999.03.20"]

1. d4 Nf6 2. Nf3 e6 3. c4 c5 4. e3 a6 5. Nc3 d5 6. a3 Nc6 7. dxc5 Bxc5 8. b4
Ba7 9. Bb2 O-O 10. Bd3 Qe7 11. Qc2 Rd8 12. O-O h6 13. Rad1 dxc4 14. Bxc4 b5 15.
Ba2 Bb7 16. Bb1 Rxd1 17. Rxd1 Rd8 18. h3 Rxd1+ 19. Qxd1 1/2-1/2

[Event "4NCL-9899A WG-RIC"]
[Site "Rd7-Birmingham"]
[Date "1999.03.20"]
[Round "7.5"]
[White "Littlewood, Paul"]
[Black "Allicock, Rawle"]
[Result "1-0"]
[WhiteElo "2430"]
[BlackElo "2232"]
[PlyCount "47"]
[EventDate "1999.03.20"]

1. d4 Nf6 2. c4 e6 3. Nc3 d5 4. cxd5 exd5 5. Bg5 Be7 6. e3 O-O 7. Bd3 Nbd7 8.
Nge2 c6 9. Qc2 Re8 10. O-O-O Nf8 11. h3 Be6 12. Kb1 Rc8 13. Nf4 Qa5 14. g4 c5
15. Bxf6 Bxf6 16. Ncxd5 cxd4 17. Qd2 Qxd2 18. Nxf6+ gxf6 19. Rxd2 dxe3 20. fxe3
Rc5 21. Nh5 Nd7 22. Be4 b6 23. Rhd1 h6 24. Bd5 1-0

[Event "4NCL-9899A WG-RIC"]
[Site "Rd7-Birmingham"]
[Date "1999.03.20"]
[Round "7.6"]
[White "Phillips, Roy"]
[Black "Pein, Malcolm"]
[Result "0-1"]
[WhiteElo "2245"]
[BlackElo "2425"]
[PlyCount "76"]
[EventDate "1999.03.20"]

1. e4 d6 2. d4 g6 3. Nc3 Bg7 4. Be3 a6 5. Qd2 Nf6 6. f3 Nbd7 7. Nge2 b5 8. g4
h5 9. g5 Nh7 10. f4 Bb7 11. Bg2 c5 12. d5 b4 13. Nd1 Nb6 14. Qd3 a5 15. c4 bxc3
16. Ndxc3 Ba6 17. Qc2 Nc4 18. Bc1 O-O 19. O-O Qc7 20. e5 dxe5 21. f5 e4 22.
Bxe4 Ne5 23. Bf4 Qb6 24. Rf2 Ng4 25. Rf3 Bd3 26. Qxd3 c4+ 27. Be3 Qb8 28. Qd2
Qxh2+ 29. Kf1 Qh1+ 30. Ng1 Nh2+ 31. Kf2 Nxf3 32. Nxf3 Qxa1 33. fxg6 fxg6 34.
Bxg6 Qh1 35. Bxh7+ Kxh7 36. Qc2+ Kg8 37. Qe4 Rxf3+ 38. Qxf3 Rf8 0-1

[Event "4NCL-9899A WG-RIC"]
[Site "Rd7-Birmingham"]
[Date "1999.03.20"]
[Round "7.7"]
[White "Sowray, Peter"]
[Black "Menon, Shanker"]
[Result "1-0"]
[WhiteElo "2336"]
[BlackElo "2131"]
[PlyCount "69"]
[EventDate "1999.03.20"]

1. e4 e6 2. d4 d5 3. exd5 exd5 4. Nf3 Nf6 5. Bd3 Bd6 6. O-O O-O 7. c4 dxc4 8.
Bxc4 Bg4 9. Nc3 Nc6 10. Be3 Qd7 11. h3 Bxh3 12. gxh3 Qxh3 13. Re1 Qg4+ 14. Kf1
Rae8 15. Ng1 Qh4 16. Be2 Ne7 17. Qd2 Nf5 18. Bd3 Nxe3+ 19. fxe3 Bg3 20. Re2 Ng4
{(Draw offer)} 21. Ne4 Re6 22. Kg2 Bd6 23. Nxd6 Rxd6 24. Nf3 Qe7 25. Rh1 f5 26.
e4 f4 27. e5 Rh6 28. Rxh6 gxh6 29. Re4 Ne3+ 30. Rxe3 fxe3 31. Qxe3 Qg7+ 32. Kf2
Qg4 33. e6 Re8 34. Qxh6 Rxe6 35. Bc4 1-0

[Event "4NCL-9899A BA1-WG"]
[Site "Rd8-Birmingham"]
[Date "1999.03.21"]
[Round "8.1"]
[White "Kopec, Danny"]
[Black "Emms, John"]
[Result "1/2-1/2"]
[WhiteElo "2392"]
[BlackElo "2553"]
[PlyCount "58"]
[EventDate "1999.03.21"]

1. e4 c5 2. Nf3 d6 3. Bd3 Nc6 4. c3 Nf6 5. Bc2 g6 6. O-O Bg7 7. h3 O-O 8. Re1
e5 9. d4 cxd4 10. cxd4 exd4 11. Nxd4 Nxd4 12. Qxd4 Be6 13. Bg5 h6 14. Bc1 Rc8
15. Qd1 d5 16. e5 Ne4 17. Nd2 Bxe5 18. Nxe4 dxe4 19. Bxe4 Qxd1 20. Rxd1 b6 21.
a4 Kg7 22. a5 bxa5 23. Rxa5 Rfd8 24. Re1 Bd4 25. Be3 Bxb2 26. Rxa7 Bc3 27. Rb1
Bd4 28. Bxd4+ Rxd4 29. Re1 Kf6 1/2-1/2

[Event "4NCL-9899A BA1-WG"]
[Site "Rd8-Birmingham"]
[Date "1999.03.21"]
[Round "8.2"]
[White "Baburin, Alexander"]
[Black "Pert, Nicholas"]
[Result "1-0"]
[WhiteElo "2586"]
[BlackElo "2443"]
[PlyCount "95"]
[EventDate "1999.03.21"]

1. d4 e6 2. c4 f5 3. g3 Nf6 4. Bg2 Be7 5. Nf3 d6 6. O-O O-O 7. Nc3 Qe8 8. Qc2
Qh5 9. b4 Nbd7 10. Bb2 c6 11. c5 Nd5 12. cxd6 Bxd6 13. b5 Nxc3 14. Qxc3 cxb5
15. Ba3 Bxa3 16. Qxa3 Nf6 17. Rac1 Bd7 18. Ne5 Bc6 19. Nxc6 bxc6 20. Bxc6 Rad8
21. Bf3 Ng4 22. Bxg4 Qxg4 23. e3 f4 24. exf4 Rxf4 25. Qxa7 Rfxd4 26. Qb6 Qf5
27. Rc5 Qe4 28. Rxb5 R4d6 29. Qb7 Qc4 30. Rg5 Qc3 31. Qe4 Qf6 32. Re5 Rd4 33.
Qe3 Rd3 34. Qc5 Rd2 35. a4 h6 36. a5 Ra2 37. Qe3 Qf7 38. h4 Rd6 39. h5 Rd5 40.
Rxd5 exd5 41. Rc1 Qxh5 42. Rc8+ Kh7 43. Qd3+ Qg6 44. Rh8+ Kxh8 45. Qxg6 Rxa5
46. Kg2 Rc5 47. Qd6 Rb5 48. Qc6 1-0